书目信息 |
| 题名: |
农药环境毒理学研究
|
|
| 作者: | 蔡道基 | |
| 分册: | ||
| 出版信息: | 北京 中国环境科学出版社 1999.02 |
|
| 页数: | 390页 | |
| 开本: | 16开 | |
| 丛书名: | ||
| 单 册: | ||
| 中图分类: | ||
| 科图分类: | ||
| 主题词: | 植物?0 , ?x药剂防治 | |
| 电子资源: | ||
| ISBN: | 7-80135-656-X | |
| 000 | 00581nam0 2200217 45 | |
| 001 | 9911091518 | |
| 005 | 19991109151913.9 | |
| 010 | @a7-80135-656-X@d68.00元 | |
| 100 | @a19991109d1999 km y0chiy0120 ea | |
| 101 | @achi | |
| 105 | @a z 000yy | |
| 200 | 1 | @a农药环境毒理学研究@ANong Yao Huan Jing Du Li XueYan Jiu@f蔡道基@FCai Dao Ji |
| 210 | @a北京@c中国环境科学出版社@d1999.02 | |
| 215 | @a390页@d16开 | |
| 606 | 0 | @a植物?0 |
| 606 | @a?x药剂防治 | |
| 690 | @v3 | |
| 690 | @aS481 | |
| 701 | @a蔡道基 | |
| 801 | @aCN@bPFTUser@c19991109 | |
| 905 | @f3@b43204-206@dS481@eC342 | |
| 农药环境毒理学研究/蔡道基.-北京:中国环境科学出版社,1999.02 |
| 390页;16开 |
| ISBN 7-80135-656-X:68.00元 |
| ● |
| 相关链接 |
|
|
|
正题名:农药环境毒理学研究
索取号:S481/C342
 
预约/预借
| 序号 | 登录号 | 条形码 | 馆藏地/架位号 | 状态 | 备注 |
| 1 | 43204 | 200432040 | 自科二线504/504自科库 39排2列3层/ [索取号:S481/C342] | 在馆 | |
| 2 | 43205 | 200432059 | 自科库401/401自科库 67排4列3层/ [索取号:S481/C342] | 在馆 | |
| 3 | 43206 | 200432068 | 自科库401/401自科库 67排4列3层/ [索取号:S481/C342] | 在馆 |